|
|
|
|
| LEADER |
00000nam a2200000 i 4500 |
| 001 |
DIGCERVAN0090 |
| 003 |
NyNyDIG |
| 007 |
cr ||||||||||| |
| 008 |
230605s2023 ec o 000 0 spa d |
| 006 |
m o d |
| 035 |
|
|
|a (OCoLC)1385178550
|
| 040 |
|
|
|a DGITA
|b eng
|e rda
|e pn
|c DGITA
|
| 020 |
|
|
|a 9788829587704
|q eBook
|
| 041 |
1 |
|
|a spa
|h ita
|
| 050 |
1 |
4 |
|a G420.M2 ebook
|
| 100 |
1 |
|
|a Pigafetta, Antonio,
|d approximately 1480-approximately 1534,
|e author.
|
| 240 |
1 |
0 |
|a Primo viaggio intorno al globo terraqueo.
|l Spanish
|
| 245 |
1 |
0 |
|a Primera vuelta al mundo de Elcano y Magallanes /
|c Antonio Pigafetta.
|
| 264 |
|
1 |
|a [Quito, Ecuador] :
|b Cervantes Digital,
|c [2023]
|
| 300 |
|
|
|a 1 online resource.
|
| 336 |
|
|
|a text
|b txt
|2 rdacontent
|
| 337 |
|
|
|a computer
|b c
|2 rdamedia
|
| 338 |
|
|
|a online resource
|b cr
|2 rdacarrier
|
| 347 |
|
|
|a text file
|2 rdaft
|
| 347 |
|
|
|b EPUB
|
| 588 |
0 |
|
|a Online resource; title from ePub title page (Digitalia, viewed June 5, 2023)
|
| 650 |
|
0 |
|a Voyages around the world
|v Early works to 1800.
|
| 600 |
1 |
0 |
|a Magalhães, Fernão de,
|d -1521
|x Travel.
|
| 600 |
1 |
0 |
|a Pigafetta, Antonio,
|d approximately 1480-approximately 1534
|x Travel.
|
| 700 |
1 |
|
|i Translation of:
|a Pigafetta, Antonio,
|d approximately 1480-approximately 1534.
|t Primo viaggio intorno al globo terraqueo.
|
| 791 |
2 |
|
|a Digitalia (Firm),
|e distributor.
|
| 793 |
0 |
|
|g Digitalia eBook Collection:
|a Cervantes Digital
|
| 856 |
4 |
0 |
|3 Digitalia Hispánica
|u https://www.digitaliapublishing.com/a/126889/
|
| 910 |
|
|
|a Premium collection: 2023
|